Coventry City Quiz #1 - Statistics

General Stats
  • This quiz has been taken 25 times
  • The average score is 8 of 12
Answer Stats
Question Answer % Correct
When was Coventry City relegated from the Premier League? 2000/01
100%
Coventry City all time record appearances is 601, which player holds this record? Steve 'Oggy' Ogrizovic
95%
Who did Coventry City buy from Newcastle United for £1 Million in 1996? Darren Huckerby
85%
What is Coventry City's mascot called Sky Blue Sam
85%
Coventry City won the FA Cup in 1987. Who did they beat in the Semi Finals winning 3-2 in extra time? Leeds United
80%
Against which team did Darren Huckerby score a wonder goal in December 1997 winning 3-2 at Highfield Road? Manchester United
70%
How many FA Cup Semi Finals has Coventry City played in? 2
65%
What team name was Coventry City previously known as? Singers FC
65%
In what season did Coventry City gain promotion to the top tier of English football? 1966/67
55%
How many years did Coventry City play at Highfield Road for? 106
50%
Who scored the last ever goal at Highfield Road? Andrew Whing
35%
On the last match of the 1996/97 season, Coventry City avoided relegation by winning 2-1 against Tottenham Hotspur at White Hart Lane. Who scored Coventry's 2nd goal? Paul Williams
20%
No matching quizzes found
Score Distribution
Percent of People with Each Score
Percentile by Number Answered
Your Score History
You have not taken this quiz